000 00609nam a22001697a 4500
003 OSt
005 20241216092733.0
008 241023b |||||||| |||| 00| 0 eng d
040 _c0
082 _aDPer050 M72 January-March 2018 v. 66 no. 8-10
100 _aDe Torres, Filomena R.
_eauthor.
_963396
245 _aDemonstration lesson plan in mathematics VI /
_cFilomena R. De Torres.
260 _aPhilippines;
_bPublishers Association of the Philippines, Inc.,
_cSeptember 2018.
300 _aVolume 66, pages 142-145
_billustration.
700 _aDe Torres, Filomena R.
_eauthor.
_963396
942 _2ddc
_cPER
999 _c22860
_d22860